60 años del ejercicio del sufragio femenino: La Tigra y La Fortuna de San Carlos (30 de julio de 1950-30 de julio del 2010)

Na minha lista:
Detalhes bibliográficos
Formato: Texto
Tags: Adicionar Tag
Sem tags, seja o primeiro a adicionar uma tag!

MARC

LEADER 00000 a a2200000 04500
001 44083
003
040
245 |a 60 años del ejercicio del sufragio femenino:  |b La Tigra y La Fortuna de San Carlos (30 de julio de 1950-30 de julio del 2010)  
500 |a Fotografía a color de las mujeres que hicieron historia en Costa Rica, ellas forman parte del grupo de mujeres que votaron por primera vez en el país en el plebiscito de la Tigra y La Fortuna, el 30 de julio de 1950, el cual se realizó para decidir a quien pertenecerían, si a San Ramón o a San Carlos.  
773 |g número12 (Marzo, 2011), páginas 32-40; fotografías  
999 |c 20012  |d 20012